Statistics for Towns beginning with T: guess the country

Click here to take the quiz!

General Stats

  • This quiz has been taken 16 times
  • The average score is 13 of 20

Answer Stats

QuestionAnswer% Correct
TunisTunisia
100%
TabwakeaKiribati
94%
TurkmenabatTurkmenistan
94%
ThônesFrance
88%
TbilisiGeorgia
88%
TonharabaGuinea-Bissau
75%
TabrizIran
75%
TabernacleSt Kitts and Nevis
75%
TaizzYemen
75%
TravnikBosnia and Herzegovina
69%
TafunsakMicronesia
56%
TétouanMorocco
56%
Tartus‎Syria
56%
TalagangPakistan
50%
TunapunaTrinidad and Tobago
50%
TchibangaGabon
44%
ThinadhooMaldives
44%
TsevieTogo
44%
Teec Nos PosUSA
38%
TungiparaBangladesh
31%

Score Distribution

Percentile by Number Answered

Percent of People with Each Score

Your Score History

You have not taken this quiz